<?xml version="1.0" encoding="UTF-8"?>
<record
    xmlns:xsi="http://www.w3.org/2001/XMLSchema-instance"
    xsi:schemaLocation="http://www.loc.gov/MARC21/slim http://www.loc.gov/standards/marcxml/schema/MARC21slim.xsd"
    xmlns="http://www.loc.gov/MARC21/slim">

  <leader>00981na  a2200265   4500</leader>
  <controlfield tag="001">23648</controlfield>
  <controlfield tag="003">MIRAKIL</controlfield>
  <controlfield tag="005">20181213155314.0</controlfield>
  <controlfield tag="008">171116b        tu            000 0      </controlfield>
  <datafield tag="020" ind1=" " ind2=" ">
    <subfield code="a">9757565431</subfield>
  </datafield>
  <datafield tag="040" ind1=" " ind2=" ">
    <subfield code="a">Milas</subfield>
    <subfield code="b">tur</subfield>
    <subfield code="c">TR-AnCHP</subfield>
  </datafield>
  <datafield tag="041" ind1=" " ind2=" ">
    <subfield code="a">tur</subfield>
  </datafield>
  <datafield tag="082" ind1=" " ind2=" ">
    <subfield code="a">956.624</subfield>
    <subfield code="b">Y28d 1994</subfield>
  </datafield>
  <datafield tag="090" ind1=" " ind2=" ">
    <subfield code="a">956.624 Y28d 1994</subfield>
  </datafield>
  <datafield tag="100" ind1=" " ind2=" ">
    <subfield code="a">Yavi, Ersal</subfield>
  </datafield>
  <datafield tag="245" ind1=" " ind2=" ">
    <subfield code="a">Do&#x11F;u Anadolu ve Erzincan</subfield>
    <subfield code="b">Eski&#xE7;a&#x11F;dan g&#xFC;n&#xFC;m&#xFC;ze Do&#x11F;u Anadolu B&#xF6;lgesi'nin geri kalm&#x131;&#x15F;l&#x131;&#x11F;&#x131; &#xFC;zerine bir derleme</subfield>
    <subfield code="c">Ersal Yavi</subfield>
  </datafield>
  <datafield tag="246" ind1=" " ind2=" ">
    <subfield code="a">Eski&#xE7;a&#x11F;dan g&#xFC;n&#xFC;m&#xFC;ze Do&#x11F;u Anadolu B&#xF6;lgesi'nin geri kalm&#x131;&#x15F;l&#x131;&#x11F;&#x131; &#xFC;zerine bir derleme</subfield>
  </datafield>
  <datafield tag="260" ind1=" " ind2=" ">
    <subfield code="a">Ankara</subfield>
    <subfield code="b">T.C. Erzincan Valili&#x11F;i &#x130;l &#xD6;zel &#x130;daresi</subfield>
    <subfield code="c">1994</subfield>
    <subfield code="f">&#xD6;zyurt Matbaac&#x131;l&#x131;k</subfield>
  </datafield>
  <datafield tag="300" ind1=" " ind2=" ">
    <subfield code="a">303 s.</subfield>
    <subfield code="c">24 sm.</subfield>
  </datafield>
  <datafield tag="504" ind1=" " ind2=" ">
    <subfield code="a">Kaynak&#xE7;a var.</subfield>
  </datafield>
  <datafield tag="650" ind1=" " ind2=" ">
    <subfield code="a">T&#xFC;rkiye</subfield>
    <subfield code="x">Do&#x11F;u Anadolu </subfield>
  </datafield>
  <datafield tag="651" ind1=" " ind2=" ">
    <subfield code="a">Erzincan</subfield>
    <subfield code="x">Tarih</subfield>
  </datafield>
  <datafield tag="740" ind1=" " ind2=" ">
    <subfield code="a">Eski&#xE7;a&#x11F;dan g&#xFC;n&#xFC;m&#xFC;ze Do&#x11F;u Anadolu B&#xF6;lgesi'nin geri kalm&#x131;&#x15F;l&#x131;&#x11F;&#x131; &#xFC;zerine bir derleme</subfield>
  </datafield>
  <datafield tag="942" ind1=" " ind2=" ">
    <subfield code="2">dcc</subfield>
    <subfield code="c">BKS</subfield>
  </datafield>
  <datafield tag="952" ind1=" " ind2=" ">
    <subfield code="a">0001</subfield>
    <subfield code="b">0001</subfield>
    <subfield code="d">2017-11-16</subfield>
    <subfield code="e">2</subfield>
    <subfield code="l">0</subfield>
    <subfield code="o">956.624 Y28d 1994</subfield>
    <subfield code="p">017638</subfield>
    <subfield code="r">2017-11-16 00:00:00</subfield>
    <subfield code="v">0.00</subfield>
    <subfield code="w">2017-11-16</subfield>
    <subfield code="y">BKS</subfield>
  </datafield>
  <datafield tag="999" ind1=" " ind2=" ">
    <subfield code="c">10304</subfield>
    <subfield code="d">10304</subfield>
  </datafield>
</record>
